|
|
|
|
| LEADER |
00000nam0a2200000 4500 |
| 001 |
344619 |
| 005 |
20231102005702.0 |
| 010 |
|
|
|a 9785434405683
|
| 035 |
|
|
|a (RuTPU)RU\TPU\book\376268
|
| 090 |
|
|
|a 344619
|
| 100 |
|
|
|a 20200320d2019 k y0rusy50 ca
|
| 101 |
1 |
|
|a rus
|c eng
|
| 102 |
|
|
|a RU
|
| 105 |
|
|
|a y z 001zy
|
| 200 |
1 |
|
|a Стратегия и организация НИОКР. Управление технологическими изменениями в динамических условиях
|e пер. с англ.
|f В. Кьеза
|
| 210 |
|
|
|a Москва
|a Ижевск
|c Институт компьютерных исследований
|d 2019
|
| 215 |
|
|
|a 292 с.
|
| 225 |
1 |
|
|a Нефтегазовый инжиниринг
|
| 320 |
|
|
|a Библиогр. в конце гл.
|
| 320 |
|
|
|a Предм. указ.: с. 289-291
|
| 330 |
|
|
|a В книге описывается современная методология для организации практической модели управления технологическим развитием наукоемкой компании, использованы результаты восьмилетних эмпирических исследований, приводится анализ примеров из реальной практики и разбор отраслевых кейсов. Издание будет полезно широкому кругу специалистов, решающих вопросы максимизации ценности при реализации портфеля технологических проектов, а также будет интересно представителям научно-академической сферы в качестве источника актуальных вопросов, стоящих перед бизнесом при формировании стратегии НИОКР и организации системной работы.
|
| 606 |
1 |
|
|a Нефтегазовая промышленность
|x Высокие технологии
|2 stltpush
|3 (RuTPU)RU\TPU\subj\67448
|9 83241
|
| 610 |
1 |
|
|a нефтегазовая промышленность
|
| 610 |
1 |
|
|a технологические инновации
|
| 610 |
1 |
|
|a управление
|
| 610 |
1 |
|
|a технологическое развитие
|
| 610 |
1 |
|
|a НИОКР
|
| 610 |
1 |
|
|a стратегии
|
| 610 |
1 |
|
|a принятие решений
|
| 610 |
1 |
|
|a ресурсный подход
|
| 610 |
1 |
|
|a позиционный подход
|
| 610 |
1 |
|
|a прогнозирование
|
| 610 |
1 |
|
|a технологические проекты
|
| 610 |
1 |
|
|a финансирование
|
| 610 |
1 |
|
|a организационная структура
|
| 610 |
1 |
|
|a географическое рассредоточение
|
| 610 |
1 |
|
|a внешние источники
|
| 610 |
1 |
|
|a организационные формы
|
| 610 |
1 |
|
|a наукоемкие технологии
|
| 675 |
|
|
|a 622.323
|v 4
|
| 700 |
|
1 |
|a Кьеза
|b В.
|g Витторио
|
| 801 |
|
1 |
|a RU
|b 63413507
|c 20200320
|
| 801 |
|
2 |
|a RU
|b 63413507
|c 20200623
|g RCR
|
| 942 |
|
|
|c BK
|
| 959 |
|
|
|a 4/20200221
|d 1
|e 2300,00
|f ЧЗТЛ:1
|